书目信息 |
| 题名: |
走向新民主主义中国
|
|
| 作者: | 李朝阳 著 | |
| 分册: | ||
| 出版信息: | 天津 南开大学出版社 2008.01 |
|
| 页数: | 272页 | |
| 开本: | 21cm | |
| 丛书名: | ||
| 单 册: | ||
| 中图分类: | K825.2 | |
| 科图分类: | ||
| 主题词: | ||
| 电子资源: | ||
| ISBN: | 978-7-310-02825-2 | |
| 000 | 00928nam0 2200253 450 | |
| 001 | 012008529271 | |
| 005 | 20080423091935.26 | |
| 010 | @a978-7-310-02825-2@dCNY20.00 | |
| 100 | @a20080423d2008 em y0chiy0120 ea | |
| 101 | 0 | @achi |
| 102 | @aCN@b120000 | |
| 105 | @ay a 000yy | |
| 106 | @ar | |
| 200 | 1 | @a走向新民主主义中国@Azou xiang xin min zhu zhu yi zhong guo@e冯玉祥与近代中国政治@f李朝阳著@Fli chao yang zhu |
| 210 | @a天津@c南开大学出版社@d2008.01 | |
| 215 | @a272页@d21cm | |
| 320 | @a有书目 (第264-271页) | |
| 330 | @a本书内容包括:崛起军界,信仰的嬗变,在革命上反革命之间,新军阀,察哈尔抗战,在抗日的洪流中,走向新民主主义中国等。 | |
| 517 | 1 | @a冯玉祥与近代中国政治@Afeng yu xiang yu jin dai zhong guo zheng zhi |
| 600 | 0 | @a冯玉祥,@Afeng yu xiang@f1882-1948@x人物研究 |
| 690 | @aK825.2@v4 | |
| 701 | 0 | @a李朝阳@Ali chao yang@4著 |
| 801 | 0 | @aCN@bQSSK@c20080423 |
| 905 | @b296483-85@dK825.2@eL138@f3 | |
| 走向新民主主义中国:冯玉祥与近代中国政治/李朝阳著.-天津:南开大学出版社,2008.01 |
| 272页;21cm |
| ISBN 978-7-310-02825-2:CNY20.00 |
| 本书内容包括:崛起军界,信仰的嬗变,在革命上反革命之间,新军阀,察哈尔抗战,在抗日的洪流中,走向新民主主义中国等。 |
| ● |
| 相关链接 |
|
|
|
正题名:走向新民主主义中国
索取号:K825.2/L138
 
预约/预借
| 序号 | 登录号 | 条形码 | 馆藏地/架位号 | 状态 | 备注 |
| 1 | 296483 | 202964836 | 社科库309/309社科库 47排1列1层/ [索取号:K825.2/L138] | 在馆 | |
| 2 | 296484 | 202964845 | 社科库309/309社科库 47排1列1层/ [索取号:K825.2/L138] | 在馆 | |
| 3 | 296485 | 202964854 | 社科库309/309社科库 47排1列1层/ [索取号:K825.2/L138] | 在馆 |